000 02874nam a22003977a 4500
001 1000159.0
003 KnowledgeUnlatched
005 20210303104802.0
006 m o d
007 cr u||||||||||
008 210129p20162020xxk o u00| u eng d
037 _5BiblioBoard
245 0 0 _aPaper Technologies, Digital Technologies
_bWorking With Early Modern Medical Records /
_cJane Macnaughton, Jennifer Richards, Sarah Atkinson.
020 _a9781474400046
029 1 _ahttps://library.biblioboard.com/ext/api/media/b9590b77-9c1a-4a0c-9522-40177eed39ac/assets/thumbnail.jpg
040 _aScCtBLL
_cScCtBLL
100 1 _aMacnaughton, Jane
_eauthor.
506 0 _aAccess copy available to the general public.
_fUnrestricted
_2star
700 1 _aRichards, Jennifer
_eauthor.
700 1 _aAtkinson, Sarah
_eauthor.
264 1 _bEdinburgh University Press,
300 _a1 online resource (1 p.)
520 _aIn this landmark Companion, expert contributors from around the world map out the field of the critical medical humanities. This is the first volume to introduce comprehensively the ways in which interdisciplinary thinking across the humanities and social sciences might contribute to, critique and develop medical understanding of the human individually and collectively. The thirty-six newly commissioned chapters range widely within and across disciplinary fields, always alert to the intersections between medicine, as broadly defined, and critical thinking. Each chapter offers suggestions for further reading on the issues raised, and each section concludes with an Afterword, written by a leading critic, outlining future possibilities for cutting-edge work in this area. Topics covered in this volume include: the affective body, biomedicine, blindness, breath, disability, early modern medical practice, fatness, the genome, language, madness, narrative, race, systems biology, performance, the postcolonial, public health, touch, twins, voice and wonder. Together the chapters generate a body of new knowledge and make a decisive intervention into how health, medicine and clinical care might address questions of individual, subjective and embodied experience.
588 0 _aDescription based on print version record.
590 _aKU Open Services
650 7 _aMedical
_2bisacsh
650 7 _aHistory
_2bisacsh
650 7 _aSocial Science
_2bisacsh
650 0 _aSocial sciences
655 0 _aElectronic books.
758 _iIs found in:
_aKnowledge Unlatched
_1https://openresearchlibrary.org/module/2774bc74-146a-484f-a7ba-ab1d6a09bbfb
856 4 0 _uhttps://openresearchlibrary.org/content/b9590b77-9c1a-4a0c-9522-40177eed39ac
_zView this content on Open Research Library.
_70
999 _c32625
_d32625